000
00304nam a22001457a 4500
003
SGT
082
_a
519.9,PUN
100
_a
PUNDIR,SUDHIR K
245
_a
THEORY OF NUMBERS
250
_a
1ST
260
_a
MEERUT
_b
PRAGATI PRAKASHAN
_c
2015
300
_a
312
650
_a
MATHEMATICS
942
_2
ddc
_c
FPS
999
_c
10029
_d
10029